000 01027nam a2200301Ia 4500
001 Para_1461
003 CHAP
008 220125s2000 xx 000 0 und d
010 _a200208
040 _cCHAP
090 _aPA TESIS 1402
100 _aMarín Benitez, H. Homar
_971482
245 _aEvaluación de tres líneas y una variedad de haba (Vicia faba L.), a la pudrición del cuello (Rhizoctonia solani Kühn), en Chapingo, México /
_c por H. Homar Marín Benitez
260 _aChapingo, Méx. :
_b El autor
300 _a42 h.
502 _aTesis (Ing. Agr. Esp. en Parasitología Agrícola), UACh. Depto. Parasitología
650 _aFitopatología
_941161
650 _aHaba
_x enfermedades
_952101
650 _aHaba
_x plagas
_952118
710 _aUACh. Departamento de Parasitología Agrícola
_9115877
901 _aPA TESIS 1402
902 _aA
905 _a0000002000 0000000000 00
910 _a2000
942 _cPARA
942 _cPARA
_d1
999 _c200208
_d200208